[Event "Stare Mesto FIDE Open"]
[Site "Stare Mesto CZE"]
[Date "2011.08.14"]
[Round "4.8"]
[White "Seidl,S"]
[Black "Zeberski,J"]
[Result "0-1"]
[WhiteElo "2123"]
[BlackElo "2382"]

1.e4 c5 2.Nf3 d6 3.d4 cxd4 4.Nxd4 Nf6 5.Nc3 Nc6 6.Bg5 e6 7.Qd2 a6 8.O-O-O Bd7
9.f4 b5 10.Bxf6 gxf6 11.Kb1 Qb6 12.Nb3 h5 13.Re1 h4 14.Be2 Be7 15.Rhf1 Rg8
16.Bh5 b4 17.Nd1 a5 18.Ne3 a4 19.Nc1 a3 20.b3 Qd4 21.Qxd4 Nxd4 22.Rd1 Nb5
23.Ne2 Rc8 24.Bf3 Nc3+ 25.Nxc3 Rxc3 26.Rd3 Bb5 27.Rxc3 bxc3 28.Re1 Bd8 29.Nd1 Ba5
30.Re3 Bf1 31.Nxc3 Bxg2 32.Nd1 h3 33.b4 Bxb4 34.Rb3 Bxf3 35.Rxf3 Bd2 36.c4 Rg1
37.Kc2 Rg2 38.Rxh3 Bxf4+ 39.Kb3 Bxh2 40.Kxa3 Be5 41.Kb3 Kd7 42.Rf3 Kc6 43.Nf2 Bd4
44.Nd3 Re2 45.Rf4 Kb6 46.Rh4 Rd2 47.Rh3 Ka5 48.Rg3 Re2 49.Rg4 Rd2 50.Rg3 e5
51.c5 dxc5 52.Kc4 Rc2+ 53.Kd5 Rc3 54.Rf3 c4 55.Ne1 Rc1 56.Ng2 c3 57.Ne3 Bxe3
58.Rxe3 Kb4 59.a4 Rd1+  0-1

[Event "ch-FRA National B"]
[Site "Caen FRA"]
[Date "2011.08.15"]
[Round "1"]
[White "Libiszewski,F"]
[Black "Lagarde,Max"]
[Result "1/2-1/2"]
[WhiteElo "2480"]
[BlackElo "2433"]

1.e4 c5 2.Nf3 d6 3.d4 cxd4 4.Nxd4 Nf6 5.Nc3 Nc6 6.Bg5 a6 7.Qd2 Qb6 8.Nb3 e6
9.Bf4 Qc7 10.O-O-O Ne5 11.Bg3 b5 12.f4 Nc4 13.Qd4 Bb7 14.Nd2 d5 15.f5 Qc5
16.Qxc5 Bxc5 17.exd5 Nxd2 18.Kxd2 Nxd5 19.Ne4 Bb4+ 20.Kc1 exf5 21.Nd6+ Bxd6
22.Bxd6 O-O-O 23.Bc5 Nf4 24.Rg1 Rxd1+ 25.Kxd1 Rd8+ 26.Ke1 Be4 27.c3 Ne6 28.Bf2 f4
29.Be2 f5 30.a4 bxa4 31.Bxa6+ Kc7 32.Bc4 Bd5 33.Bxd5 Rxd5 34.Ke2 Rb5 35.Ra1 Rxb2+
36.Kf1 Rc2 37.Rxa4 Rxc3 38.Ra5 Rc1+ 39.Ke2 Rc2+ 40.Kf1 g6 41.Ra7+ Kd6 42.Rxh7 g5
43.Ra7 Nc7 44.h3 Ke5 45.Ra4 Nb5 46.Ra5 Rb2 47.h4 g4 48.h5 Rb1+ 49.Ke2 g3
50.Bb6 Kf6 51.Kf3 Kg5 52.Bd8+ Kxh5 53.Kxf4 Rf1+ 54.Kxg3 Nd4 55.Bf6 Ne2+ 56.Kh2 Kg4
57.Ra1 Rxa1  1/2-1/2

[Event "50th World Juniors"]
[Site "Chennai IND"]
[Date "2011.08.15"]
[Round "13"]
[White "Grandelius,N"]
[Black "Salem,AR"]
[Result "1-0"]
[WhiteElo "2542"]
[BlackElo "2493"]

1.e4 c5 2.Nf3 d6 3.d4 cxd4 4.Nxd4 Nf6 5.Nc3 Nc6 6.Bg5 e6 7.Qd2 a6 8.O-O-O Be7
9.f4 Bd7 10.Nf3 b5 11.Bxf6 gxf6 12.Kb1 Qb6 13.f5 O-O-O 14.fxe6 fxe6 15.g3 Kb8
16.Bh3 Bc8 17.Qe1 Rhe8 18.Rf1 Bf8 19.Ne2 Bg7 20.Nf4 Na5 21.Nd4 Nc4 22.Ndxe6 Bh8
23.Nd5 Qc6 24.Nxd8 Rxd8 25.Ne7 Qc7 26.Nd5 Qc6 27.Bxc8 f5 28.c3 Rxc8 29.Ne7 Qc5
30.Nxc8  1-0

[Event "26th Universiade Men"]
[Site "Shenzhen CHN"]
[Date "2011.08.15"]
[Round "2.14"]
[White "Vovk,A"]
[Black "Valdes Escobar,A"]
[Result "1-0"]
[WhiteElo "2551"]
[BlackElo "2414"]

1.e4 c5 2.Nf3 d6 3.d4 cxd4 4.Nxd4 Nf6 5.Nc3 Nc6 6.Bg5 e6 7.Qd2 a6 8.O-O-O h6
9.Nxc6 bxc6 10.Bf4 d5 11.Qe3 Be7 12.Be2 O-O 13.h4 Re8 14.g4 Nh7 15.Qg3 Bb7
16.g5 Rc8 17.Rdg1 d4 18.g6 fxg6 19.Qxg6 Bf6 20.e5 dxc3 21.Bd3 Nf8 22.Qxh6 cxb2+
23.Kb1 Kf7 24.Qh5+  1-0

[Event "Stare Mesto FIDE Open"]
[Site "Stare Mesto CZE"]
[Date "2011.08.15"]
[Round "5"]
[White "Zeberski,J"]
[Black "Andreev,Ed UKR"]
[Result "1/2-1/2"]
[WhiteElo "2382"]
[BlackElo "2458"]

1.e4 c5 2.Nf3 d6 3.d4 cxd4 4.Nxd4 Nf6 5.Nc3 Nc6 6.Bg5 e6 7.Qd2 a6 8.O-O-O Qb6
9.Nxc6 bxc6 10.Bc4 Rb8 11.Bb3 Be7 12.f4 h6 13.Bh4 d5 14.e5 Nd7 15.Bxe7 Kxe7
16.Qe1 Nc5 17.f5 exf5 18.Rxd5 Be6 19.Rd6 a5 20.Na4 Nxa4 21.Qh4+ g5 22.Qxa4 Qe3+
23.Kb1 Qxe5 24.Rxc6 Rhd8 25.Qa3+ Kf6 26.Bxe6 fxe6 27.Rc5 Qd4 28.b3 a4 29.Rc7 Qd6
30.Qb2+ Qd4 31.Qa3 Qd6 32.Qb2+ Qd4 33.Qa3 Rd6 34.Rc4 Qe5 35.Rc7 Qd4 36.Re1 Rdd8
37.Rh1 Qd6 38.Qb2+ e5  1/2-1/2

[Event "Shepetivka Open"]
[Site "Shepetivka UKR"]
[Date "2011.08.17"]
[Round "2.8"]
[White "Khoptiany,Volodymyr"]
[Black "Cherepov,A"]
[Result "1-0"]
[WhiteElo "1955"]
[BlackElo "2249"]

1.e4 c5 2.Nf3 Nc6 3.d4 cxd4 4.Nxd4 Nf6 5.Nc3 d6 6.Bg5 e6 7.Qd2 a6 8.O-O-O h6
9.Bf4 Bd7 10.Nb3 Ne5 11.f3 Qc7 12.Kb1 Be7 13.Be2 b5 14.a3 Nc4 15.Qd3 Rc8
16.Na2 e5 17.Bc1 Be6 18.Nb4 Qb7 19.g4 a5 20.Nd5 Bxd5 21.exd5 a4 22.Nd2 Nxd2+
23.Bxd2 Rc5 24.h4 Rxd5 25.Qe3 Bd8 26.g5 Bb6 27.Qc3 Nh5 28.f4 Rc5 29.Qb4 Qc6
30.Bxh5 Rc4 31.fxe5 Rxb4 32.Bxb4 dxe5 33.Rhf1 g6 34.Bf3 Qc8 35.Rfe1 f6 36.gxf6 Bc7
37.Bc6+ Kf7 38.Rd7+ Ke6 39.Re7+  1-0

[Event "86th ch-FRA"]
[Site "Caen FRA"]
[Date "2011.08.18"]
[Round "5"]
[White "Istratescu,A"]
[Black "Hamdouchi,H"]
[Result "1/2-1/2"]
[WhiteElo "2645"]
[BlackElo "2628"]

1.e4 c5 2.Nf3 d6 3.d4 Nf6 4.Nc3 cxd4 5.Nxd4 Nc6 6.Bg5 e6 7.Qd2 a6 8.O-O-O Bd7
9.f4 h6 10.Bh4 Nxe4 11.Qe1 Nf6 12.Nf5 Qa5 13.Nxd6+ Bxd6 14.Rxd6 Qc7 15.Qd2 Ne7
16.Bxf6 gxf6 17.Be2 O-O-O 18.Rd1 Nf5 19.Rd3 Bc6  1/2-1/2

[Event "ch-FRA National B"]
[Site "Caen FRA"]
[Date "2011.08.19"]
[Round "5"]
[White "Moussard,J"]
[Black "Lagarde,Max"]
[Result "0-1"]
[WhiteElo "2426"]
[BlackElo "2433"]

1.e4 c5 2.Nf3 Nc6 3.d4 cxd4 4.Nxd4 Nf6 5.Nc3 d6 6.Bg5 a6 7.Qd2 Qb6 8.Nb3 e6
9.Bxf6 gxf6 10.O-O-O h5 11.f4 Bd7 12.Be2 O-O-O 13.h4 Kb8 14.Bf3 Ne5 15.Qe2 Bh6
16.g3 Rhg8 17.Kb1 Nxf3 18.Qxf3 Rg4 19.Rd4 Rdg8 20.Ne2 f5 21.Rhd1 fxe4 22.Qxe4 f5
23.Rb4 fxe4 24.Rxb6 Bb5 25.Nbd4 Kc7 26.Nxb5+ Kxb6 27.Rxd6+ Kxb5 28.Nc3+ Kc4
29.Nxe4 Rxg3 30.a3 Bxf4 31.b3+ Kb5 32.Rxe6 Re3 33.a4+ Ka5 34.Kb2 Rg4 35.c3 Rxe4  0-1

[Event "Botvinnik 100th Open"]
[Site "St Petersburg RUS"]
[Date "2011.08.20"]
[Round "9"]
[White "Dushin,N"]
[Black "Abramichev,A"]
[Result "1/2-1/2"]
[WhiteElo "2010"]
[BlackElo "2029"]

1.Nf3 c5 2.e4 d6 3.Nc3 Nc6 4.d4 cxd4 5.Nxd4 Nf6 6.Bg5 e6 7.Qd2 a6 8.O-O-O Qc7
9.Nb3 b5 10.f3 b4 11.Nb1 a5 12.Nd4 Nxd4 13.Qxd4 Be7 14.Bb5+ Bd7 15.Bxd7+ Qxd7
16.Nd2 Rc8 17.Kb1 Qc7 18.Rc1 d5 19.exd5 Bc5 20.d6 Qxd6 21.Qxd6 Bxd6 22.c4 bxc3
23.Rxc3 O-O 24.Nc4 Bb4 25.Rcc1 Nd5 26.a3 Bc3 27.Ne3 Bd2 28.Rxc8 Rxc8 29.Nxd5 Bxg5
30.Nc3 Bf6 31.Kc2 g6 32.Rd1 h5 33.g3 Be5  1/2-1/2

[Event "PK NBSB Open A"]
[Site "Roosendaal NED"]
[Date "2011.08.21"]
[Round "5"]
[White "Van den Doel,E"]
[Black "Van Delft,M"]
[Result "1/2-1/2"]
[WhiteElo "2574"]
[BlackElo "2401"]

1.e4 c5 2.Nf3 Nc6 3.d4 cxd4 4.Nxd4 Nf6 5.Nc3 d6 6.Bg5 e6 7.Qd2 a6 8.O-O-O Bd7
9.f3 Be7 10.Be3 h5 11.Kb1 Qc7 12.Nxc6 bxc6 13.Bf4 e5 14.Bg5 Be6 15.Bxf6 gxf6
16.f4 exf4 17.Ne2 Qb6 18.Nxf4 Rb8 19.b3 a5 20.Qc3 Rg8 21.h4 Kd7 22.Nxh5 a4
23.Nxf6+ Bxf6 24.Qxf6 axb3 25.cxb3 Bxb3 26.Qxd6+ Ke8 27.Qd7+ Kf8 28.Qd6+ Ke8
29.Qd7+  1/2-1/2

[Event "5th Zupanja Open"]
[Site "Zupanja CRO"]
[Date "2011.08.21"]
[Round "9.14"]
[White "Radovic,V"]
[Black "Budimir,Bor"]
[Result "0-1"]
[WhiteElo "2147"]
[BlackElo "2275"]

1.e4 c5 2.Nf3 Nc6 3.d4 cxd4 4.Nxd4 Nf6 5.Nc3 d6 6.Bg5 e6 7.Qd2 a6 8.O-O-O Bd7
9.f4 b5 10.Nxc6 Bxc6 11.Bd3 Qb6 12.Rhe1 b4 13.Bxf6 gxf6 14.Nd5 Bxd5 15.exd5 e5
16.Bf5 h5 17.Re4 a5 18.Rc4 Be7 19.g3 h4 20.g4 Kf8 21.Rc6 Qb7 22.Kb1 a4 23.h3 Kg7
24.Qf2 b3 25.cxb3 a3 26.Qb6 Qxb6 27.Rxb6 axb2 28.Kxb2 Ra7 29.a4 Kh6 30.g5+ Kg7
31.Re1 exf4 32.gxf6+ Bxf6+ 33.Ka3 Bd4 34.Rb5 f3 35.a5 f2 36.Rd1 Re8  0-1

[Event "3rd Senica Open"]
[Site "Senica SVK"]
[Date "2011.08.22"]
[Round "2.9"]
[White "Pagerka,M"]
[Black "Ostrochovsky,A"]
[Result "1-0"]
[WhiteElo "2223"]
[BlackElo "1945"]

1.e4 c5 2.Nf3 Nc6 3.d4 cxd4 4.Nxd4 Nf6 5.Nc3 d6 6.Bg5 e6 7.Qd2 Be7 8.f3 O-O
9.O-O-O Nxd4 10.Qxd4 Qa5 11.h4 h6 12.Be3 Nh5 13.Bc4 Bf6 14.Qxd6 Bxc3 15.bxc3 b5
16.Bc5 Re8 17.Bb3 Nf6 18.g4 Qa6 19.Qxa6 Bxa6 20.g5 Nh5 21.gxh6 b4 22.cxb4 Be2
23.Rd7 Bxf3 24.Rf1 Nf6 25.Rc7 Bxe4 26.hxg7 Kxg7 27.Bd4 Bf5 28.Rxf5 exf5 29.Rxf7+ Kg6
30.Rxf6+ Kh5 31.Bf7+ Kxh4 32.Bxe8 Rxe8 33.Rxf5 Kg4 34.Rf7  1-0

[Event "ch-FRA National B"]
[Site "Caen FRA"]
[Date "2011.08.23"]
[Round "8"]
[White "Cossin,S"]
[Black "Lagarde,Max"]
[Result "1/2-1/2"]
[WhiteElo "2502"]
[BlackElo "2433"]

1.e4 c5 2.Nf3 Nc6 3.d4 cxd4 4.Nxd4 Nf6 5.Nc3 d6 6.Bg5 e6 7.Qd2 a6 8.O-O-O Bd7
9.f4 b5 10.Bxf6 gxf6 11.Kb1 Qb6 12.Nxc6 Bxc6 13.Qe1 Ra7 14.Bd3 Qc5 15.f5 a5
16.fxe6 fxe6 17.Qf1 f5 18.Bxb5 Rb7 19.a4 Bg7 20.Bxc6+ Qxc6 21.Nb5 O-O 22.Qd3 fxe4
23.Qxd6 Qc4 24.Qa6 Rfb8 25.Qxa5 Rxb5 26.axb5 Rxb5 27.Qd8+ Kf7 28.Rd7+ Kg6
29.Rxg7+ Kxg7 30.Rd1 Kg6 31.Qg8+ Kh6 32.Qf8+ Kg6 33.Rd7 Rxb2+ 34.Kxb2 Qb5+
35.Kc3 Qxd7 36.Qf4 Qd5 37.Qg4+ Kf6 38.Qh4+ Kg6 39.Qg4+ Kf6 40.Qh4+  1/2-1/2

[Event "3rd Senica Open"]
[Site "Senica SVK"]
[Date "2011.08.23"]
[Round "4.14"]
[White "Haring,V"]
[Black "Milovnik,J"]
[Result "1/2-1/2"]
[WhiteElo "1964"]
[BlackElo "2045"]

1.e4 c5 2.Nf3 Nc6 3.d4 cxd4 4.Nxd4 Nf6 5.Nc3 d6 6.Bg5 e6 7.Qd2 a6 8.O-O-O h6
9.Nxc6 bxc6 10.Bf4 d5 11.Qe3 Qa5 12.Be2 Bb4  1/2-1/2

[Event "11th Metropolitan Invitational"]
[Site "Los Angeles USA"]
[Date "2011.08.27"]
[Round "9"]
[White "Ginsburg,M"]
[Black "Amanov,Z"]
[Result "1-0"]
[WhiteElo "2387"]
[BlackElo "2382"]

1.e4 c5 2.Nf3 d6 3.Nc3 Nc6 4.d4 cxd4 5.Nxd4 Nf6 6.Bg5 Qb6 7.Nb3 e6 8.Qd2 Be7
9.O-O-O O-O 10.Qe1 a6 11.f4 Qc7 12.Bd3 b5 13.Qh4 h6 14.Bxh6 gxh6 15.e5 dxe5
16.Qxh6 Rd8 17.Rhe1 exf4 18.Qg5+ Kf8 19.Qh6+ Ke8 20.Qh8+ Bf8 21.Qxf6 Nb4
22.Nd4 Qe7 23.Qxf4 Nxd3+ 24.Rxd3 Bb7 25.Ne4 Bg7 26.Nf5 Bxb2+ 27.Kb1 Be5 28.Ned6+ Rxd6
29.Nxd6+ Bxd6 30.Rxd6 Rd8 31.Rxd8+ Qxd8 32.g4 Bd5 33.Re3 Qc8 34.Qd4 Qc6 35.h4 Bxa2+
36.Kxa2 Qxc2+ 37.Qb2 Qa4+ 38.Ra3 Qc4+ 39.Kb1 b4 40.Ra4 Qf1+ 41.Qc1 Qd3+ 42.Qc2 Qf1+
43.Ka2 Qb5 44.Qc8+ Ke7 45.Rxa6 Qd5+ 46.Kb2 Qd4+ 47.Kb3 Qd3+ 48.Kxb4  1-0

[Event "26th Schwarzacher Open"]
[Site "Schwarzach AUT"]
[Date "2011.08.27"]
[Round "8"]
[White "Schnegg,A"]
[Black "Mueller,Marc"]
[Result "1/2-1/2"]
[WhiteElo "1996"]
[BlackElo "2167"]

1.e4 c5 2.Nf3 d6 3.d4 cxd4 4.Nxd4 Nf6 5.Nc3 Nc6 6.Bg5 e6 7.Qd2 Be7 8.O-O-O Nxd4
9.Qxd4 O-O 10.e5 dxe5 11.Qxe5 Qb6 12.Be3 Ng4 13.Bxb6 Nxe5 14.Bd4 Nc6 15.Be3 Rd8
16.Bb5 Bd7 17.Ne4 Be8 18.Nc5 b6 19.Nb7 Rxd1+ 20.Rxd1 Ne5 21.Bxe8 Rxe8 22.Nd6 Rd8
23.Nb5 Rxd1+ 24.Kxd1 Nc6 25.a4 Kf8 26.b3 Bd8 27.h3 Ke7 28.Nd4 Kd7 29.Nxc6 Kxc6
30.Kd2 a6 31.Kd3 b5 32.axb5+ axb5 33.c4 Be7 34.Kc3 Bd6 35.b4 Be7 36.g4 f5
37.gxf5  1/2-1/2

[Event "31st Presolana Open"]
[Site "Presolana ITA"]
[Date "2011.08.28"]
[Round "9.9"]
[White "Narayanan,Sri"]
[Black "Recuero Guerra,D"]
[Result "1/2-1/2"]
[WhiteElo "2371"]
[BlackElo "2441"]

1.e4 c5 2.Nf3 d6 3.d4 cxd4 4.Nxd4 Nf6 5.Nc3 Nc6 6.Bg5 e6 7.Qd2 Be7 8.O-O-O Nxd4
9.Qxd4 O-O 10.f3 a6 11.h4 b5 12.Kb1 Bb7 13.g4 Rc8 14.Be3 Qa5 15.g5 Nd7 16.h5 b4
17.Ne2 Ne5 18.h6 Rc4 19.Qa7 Qc7 20.g6 Nxg6 21.Bb6 Qb8 22.hxg7 Kxg7 23.Qxb8 Rxb8
24.Ng3 Rc6 25.Bd4+ Kg8 26.Nh5 e5 27.Be3 Bc8 28.Rd2 Rb7 29.Rdh2 f6 30.f4 exf4
31.Nxf4 Nxf4 32.Bxf4 Bf8 33.e5 dxe5 34.Bg2 Rcc7 35.Bxb7 Bxb7 36.Rg1+ Rg7
37.Rxg7+ Bxg7 38.Bd2 Bf8 39.Rh4 e4 40.Be3 f5 41.c4 bxc3 42.bxc3 Bd5 43.Rh5 Be6
44.c4 Bxc4 45.Rg5+ Kf7 46.Rxf5+ Kg8 47.Rg5+ Kf7 48.Rf5+ Kg8  1/2-1/2

[Event "TCh-SRB Premier Men"]
[Site "Valjevo SRB"]
[Date "2011.08.28"]
[Round "2.1"]
[White "Mastrovasilis,D"]
[Black "Radovanovic,D"]
[Result "1-0"]
[WhiteElo "2604"]
[BlackElo "2372"]

1.e4 c5 2.Nf3 d6 3.d4 cxd4 4.Nxd4 Nf6 5.Nc3 Nc6 6.Bg5 g6 7.Bxf6 exf6 8.Bb5 Bd7
9.O-O Bg7 10.Nde2 Be6 11.Qd2 O-O 12.Rad1 f5 13.Bxc6 bxc6 14.Nd4 Qd7 15.Qd3 Rab8
16.b3 Rb4 17.Nde2 Rd8 18.a3 Rbb8 19.Nd4 f4 20.Nce2 Be5 21.Nf3 Qe7 22.Ned4 Rbc8
23.Nxe5  1-0

[Event "TCh-SRB Premier Men"]
[Site "Valjevo SRB"]
[Date "2011.08.28"]
[Round "2.1"]
[White "Zivkovic,I"]
[Black "Bogosavljevic,B"]
[Result "1/2-1/2"]
[WhiteElo "2367"]
[BlackElo "2548"]

1.e4 c5 2.Nf3 Nc6 3.d4 cxd4 4.Nxd4 Nf6 5.Nc3 d6 6.Bg5 Bd7 7.Qd2 Rc8 8.O-O-O Nxd4
9.Qxd4 Qa5 10.h4 e5 11.Qd2 Rxc3 12.Qxc3 Qxc3 13.bxc3 Nxe4 14.Be3 Nxc3 15.Rd3 Ne4
16.Bxa7 d5 17.Rb3 d4 18.Bc4 Ba4 19.Rf3 f5 20.Rxf5 Ba3+ 21.Kd1 Kd7 22.Re1 Nd6
23.Rfxe5 Nxc4 24.Rd5+ Kc6 25.Rxd4 Kb5 26.Rd5+ Ka6 27.Bd4 Bc6 28.Re6 Rf8 29.Rg5 Rf4
30.c3 Rxh4 31.Rxg7 Nd6 32.Rg8 Rh1+ 33.Ke2 b6 34.Rd8 Bb5+ 35.Kf3 Bc6+ 36.Ke2 Bb5+
37.Kf3 Bc6+ 38.Ke2  1/2-1/2

[Event "VII Ugra Governor's Cup"]
[Site "Khanty-Mansiysk RUS"]
[Date "2011.08.31"]
[Round "1"]
[White "Lipatov,Vladislav"]
[Black "Ivanov,Tim"]
[Result "0-1"]
[WhiteElo "1607"]
[BlackElo "2325"]

1.e4 c5 2.Nf3 Nc6 3.d4 cxd4 4.Nxd4 Nf6 5.Nc3 d6 6.Bg5 e6 7.Bb5 Bd7 8.Bxc6 bxc6
9.e5 Qa5 10.O-O Qxe5 11.f4 Qa5 12.Re1 Be7 13.Qe2 O-O 14.Ne4 Qd8 15.Rad1 d5
16.Bxf6 Bxf6 17.Nxf6+ Qxf6 18.Qf2 a5 19.c3 a4 20.a3 Rab8 21.Qd2 Rb7 22.Nf3 Rfb8
23.Rb1 Qd8 24.Ne5 Be8 25.Nd3 Qb6+ 26.Kh1 c5 27.Qf2 Bb5 28.Qe3 Bxd3 29.Qxd3 c4
30.Qd2 Qc5 31.Qc2 g6 32.h3 Rb3 33.Re2 Qb6 34.Qd1 Rxc3 35.bxc3 Qxb1 36.Qxb1 Rxb1+
37.Kh2 Rb3  0-1

[Event "Richard Reti Mem"]
[Site "Trnava SVK"]
[Date "2011.09.01"]
[Round "6.6"]
[White "Varga,Dav"]
[Black "Banas,J"]
[Result "1-0"]
[WhiteElo "2364"]
[BlackElo "2320"]

1.e4 c5 2.Nf3 d6 3.d4 cxd4 4.Nxd4 Nf6 5.Nc3 Nc6 6.Bg5 e6 7.Qd2 a6 8.O-O-O Bd7
9.f4 h6 10.Bxf6 Qxf6 11.Nf3 Qd8 12.g4 Qc7 13.Qe3 O-O-O 14.h4 g6 15.Rh2 Kb8
16.Rhd2 Bc8 17.Nd4 Be7 18.g5 hxg5 19.hxg5 Nxd4 20.Rxd4 Qc5 21.Qd2 f6 22.Na4 Qc6
23.Rc4 Qe8 24.Qa5 d5 25.Qc7+ Ka7 26.Rcd4 fxg5 27.Bxa6 Bd6 28.Qb6+ Kb8 29.e5 Bc7
30.Qb3 Ba5 31.Nc5 Qc6 32.Rb4 Bxb4 33.Qxb4 Rh7 34.Bb5 Qb6 35.Rd3 Rc7 36.Rc3 d4
37.Na4 Qa7 38.Rxc7 Kxc7 39.Qe7+ Rd7 40.Bxd7 Bxd7 41.Qd6+  1-0

[Event "Richard Reti Mem"]
[Site "Trnava SVK"]
[Date "2011.09.03"]
[Round "8.6"]
[White "Lanc,A"]
[Black "Banas,J"]
[Result "1-0"]
[WhiteElo "2367"]
[BlackElo "2320"]

1.e4 c5 2.Nf3 d6 3.d4 cxd4 4.Nxd4 Nf6 5.Nc3 Nc6 6.Bg5 e6 7.Qd2 a6 8.O-O-O Bd7
9.f4 h6 10.Bh4 Rc8 11.Nf3 Be7 12.h3 b5 13.e5 dxe5 14.fxe5 Nd5 15.Nxd5 exd5
16.Bxe7 Qxe7 17.Bd3 Be6 18.Kb1 Qc7 19.Rde1 Qa5 20.Qxa5 Nxa5 21.a4 bxa4 22.Bxa6 Rb8
23.Nd4 Rb6 24.Bb5+ Ke7 25.Bxa4 Rb4 26.Nxe6 Kxe6 27.b3 Nc4 28.c3 Rb6 29.Kc2 Nxe5
30.Rhf1 Rc8 31.Bd7+ Kxd7 32.Rxe5 Kd6 33.Rff5 g6 34.Rxd5+ Ke6 35.Rfe5+ Kf6
36.c4 h5 37.Re2 Rc7 38.Kc3 Rcb7 39.Rb2 Rb4 40.h4 Ke6 41.g3 Kf6 42.Ra5 Ke6
43.Ra4 Rxa4 44.bxa4 Ra7 45.Ra2 Kd6 46.a5 Kc5 47.a6 f6 48.Ra5+ Kb6 49.Kb4 Rxa6
50.Rxa6+ Kxa6 51.Kc5 g5 52.Kd6 f5 53.c5  1-0

[Event "VII Ugra Governor's Cup"]
[Site "Khanty-Mansiysk RUS"]
[Date "2011.09.04"]
[Round "5"]
[White "Demianjuk,A"]
[Black "Jumabayev,R"]
[Result "0-1"]
[WhiteElo "2317"]
[BlackElo "2589"]

1.e4 c5 2.Nf3 d6 3.d4 cxd4 4.Nxd4 Nf6 5.Nc3 Nc6 6.Bg5 Bd7 7.Qd2 Rc8 8.f3 a6
9.O-O-O Nxd4 10.Qxd4 Qa5 11.Bd2 Qc5 12.Qxc5 Rxc5 13.Be3 Rc6 14.a4 g6 15.Bd4 Bg7
16.Kb1 Nh5 17.g3 Bxd4 18.Rxd4 Nf6 19.Be2 Rc5 20.Rhd1 Bc6 21.Nd5 Bxd5 22.exd5 a5
23.Rc4 Kd7 24.c3 g5 25.Rcd4 h5 26.h3 Kd8 27.Kc2 Nd7 28.Bb5 Ne5 29.f4 gxf4
30.gxf4 Nf3 31.R4d3 Nh4 32.Rg1 f6 33.Kd1 Kc7 34.Ke2 Kb6 35.Kf2 Rcc8 36.Rdd1 Rcg8
37.Bd7 Kc5 38.Be6 Rg6 39.b4+ Kc4 40.f5 Rg5 41.Rd4+ Kxc3 42.Rxh4 Rxg1 43.Kxg1 axb4
44.Rf4 b3 45.Rf3+ Kb4 46.Bd7 Rg8+ 47.Kh2 b2 48.Rf1 h4 49.Bb5 Rg3 50.Rf4+ Kb3
51.Bc4+ Ka3 52.Rf1 Rc3  0-1

[Event "9th Amantea Open"]
[Site "Amantea ITA"]
[Date "2011.09.05"]
[Round "2"]
[White "Piscopo,P"]
[Black "Epishin,V"]
[Result "1/2-1/2"]
[WhiteElo "2373"]
[BlackElo "2544"]

1.e4 c5 2.Nf3 d6 3.d4 Nf6 4.Nc3 cxd4 5.Nxd4 Nc6 6.Bg5 Bd7 7.Qd2 h6 8.Bxf6 gxf6
9.Nf5 Qa5 10.Ne3 h5 11.Nc4 Bh6 12.f4 Qc5 13.Nd5 Kf8 14.c3 Ne5 15.Nce3 e6
16.b4 Qc6 17.a4 exd5 18.Bb5 Qb6 19.Nxd5 Qd8 20.O-O Bc6 21.Qd4 Ng6 22.Bxc6 bxc6
23.Nxf6 Bg7 24.e5 Qe7 25.Rae1 Rd8 26.Rd1 h4 27.c4 h3 28.g3 a6 29.c5 d5 30.Ne4 Nxe5
31.fxe5 Bxe5 32.Qf2  1/2-1/2

[Event "TCh-POL 1st League"]
[Site "Mrzezyno POL"]
[Date "2011.09.07"]
[Round "5"]
[White "Gorecka,J"]
[Black "Wisniowska,K"]
[Result "0-1"]
[WhiteElo "2095"]
[BlackElo "2074"]

1.e4 c5 2.Nf3 d6 3.d4 cxd4 4.Nxd4 Nf6 5.Nc3 Nc6 6.Bg5 e6 7.Qd2 a6 8.O-O-O Bd7
9.f3 Be7 10.h4 h6 11.Be3 h5 12.Be2 Ne5 13.f4 Neg4 14.Bg1 Qc7 15.Bf3 Rc8 16.Re1 b5
17.e5 dxe5 18.fxe5 Nxe5 19.Bh2 Nxf3 20.gxf3 Qc5 21.Re5 Qa7 22.Rhe1 g6 23.Qd3 Rg8
24.Bg1 Qb7 25.Nb3 b4 26.Nd1 Bb5 27.Qe3 Nd5 28.Qf2 Nf4 29.Nc5 Bxc5 30.Rxc5 Rxc5
31.Qxc5 Ne2+ 32.Kb1 Nxg1 33.Rxg1 Qe7 34.Qd4 f6 35.Nf2 Kf7 36.Ne4 Rd8 37.Qe3 Qd7
38.b3 Qd4 39.Qxd4 Rxd4 40.Re1 e5 41.Kb2 Bc6 42.c3 bxc3+ 43.Kxc3 Bxe4 44.fxe4 Ke6  0-1

[Event "WGM Pancevo"]
[Site "Pancevo SRB"]
[Date "2011.09.09"]
[Round "1.2"]
[White "Videnova,I"]
[Black "Vojinovic,J"]
[Result "1/2-1/2"]
[WhiteElo "2314"]
[BlackElo "2299"]

1.e4 c5 2.Nf3 d6 3.d4 cxd4 4.Nxd4 Nf6 5.Nc3 Nc6 6.Bg5 e6 7.Qd2 a6 8.O-O-O Bd7
9.f3 Be7 10.h4 h6 11.Be3 h5 12.Bg5 Qc7 13.Kb1 Ne5 14.f4 Neg4 15.g3 b5 16.Re1 Bd8
17.Bh3 b4 18.Nd1 a5 19.Bxg4 Nxg4 20.Bxd8 Rxd8 21.Nf2 Nh6 22.f5 e5 23.Qg5 Kf8
24.Nf3 Rc8 25.Rc1 f6 26.Qd2 Ke7 27.Rhg1 Qc4 28.g4 Be8 29.gxh5 Rh7 30.Ng5 fxg5
31.hxg5 Ng8 32.h6 Bf7 33.b3 Qc3 34.Qxc3 Rxc3 35.hxg7 Rxg7 36.f6+ Nxf6 37.gxf6+ Kxf6
38.Rxg7 Kxg7 39.Nd3 Bg6 40.Re1 Kf6 41.Kb2 Rc8 42.Re2 Be8 43.a3 bxa3+ 44.Kxa3 Ke6
45.Nb2 Rc3 46.Na4 Rh3 47.c4 Bh5 48.Re1 Kd7 49.c5 Bf7 50.Rb1 dxc5 51.Nxc5+ Kc6
52.Rf1 Bg6 53.Rf6+ Kxc5 54.Rxg6 Re3 55.Ra6 Kb5 56.Ra8 Rxe4 57.Rb8+ Kc5 58.Ra8 Kb6
59.Kb2 Re3 60.Kc2 Kb5 61.Rb8+ Kc5 62.Ra8 Kb5 63.Rb8+ Kc6 64.Ra8 Kb6 65.Kd2 Rh3
66.Re8 Rh5 67.Kc3 Kc5 68.Rc8+ Kd5 69.Rd8+  1/2-1/2

[Event "5th ch-Euro IBCA"]
[Site "Rhodes GRE"]
[Date "2011.09.09"]
[Round "4.11"]
[White "Olsar,J"]
[Black "Zaja,Stjepan2"]
[Result "0-1"]
[WhiteElo "2231"]
[BlackElo "1957"]

1.e4 c5 2.Nf3 Nc6 3.d4 cxd4 4.Nxd4 Nf6 5.Nc3 d6 6.Bg5 e6 7.Qd2 Be7 8.O-O-O O-O
9.Nb3 a6 10.Bxf6 gxf6 11.Be2 Na5 12.Kb1 Nxb3 13.cxb3 Kh8 14.Bh5 Qa5 15.Qe2 Bd7
16.f4 Be8 17.a3 b5 18.b4 Qb6 19.f5 Bd7 20.Rhf1 a5 21.Na2 axb4 22.Nxb4 Rac8
23.Rc1 Rxc1+ 24.Rxc1 Qb7 25.Qd3 Be8 26.Qd4 Rg8 27.g4 h6 28.Ka2 Kh7 29.Rc3 Kg7
30.Qd3 Bd7 31.Kb1 Rc8 32.Rxc8 Qxc8 33.Na2 Qc5 34.h3 Bc6 35.Nc3 d5 36.exd5 exd5
37.Ne2 b4 38.axb4 Qxb4 39.Nd4 Ba4 40.Qe2 Qb6 41.Qd3 Bc5 42.Nc2 d4 43.g5 hxg5
44.Be2 Qd6 45.Bf3 Qf4 46.b3 Bd7 47.Be4 Qf2 48.Qc4 Bxf5  0-1

[Event "Sorea Open"]
[Site "Stara Lubovna SVK"]
[Date "2011.09.10"]
[Round "4"]
[White "Naigebauer,Martin"]
[Black "Manik,M"]
[Result "1/2-1/2"]
[WhiteElo "1812"]
[BlackElo "2405"]

1.e4 c5 2.Nf3 Nc6 3.d4 cxd4 4.Nxd4 Nf6 5.Nc3 d6 6.Bg5 e6 7.Qd2 a6 8.O-O-O Bd7
9.f3 Be7 10.g4 h5 11.gxh5 Rxh5 12.f4 b5 13.Bg2 Nxd4 14.Qxd4 Rc8 15.h4 Rc4
16.Qd3 b4  1/2-1/2

[Event "ch-Euro Youth g18"]
[Site "Albena BUL"]
[Date "2011.09.12"]
[Round "2.26"]
[White "Milicevic,Dajana"]
[Black "Byrka,J"]
[Result "0-1"]
[WhiteElo "1682"]
[BlackElo "1925"]

1.e4 c5 2.Nf3 d6 3.d4 cxd4 4.Nxd4 Nf6 5.Nc3 Nc6 6.Bg5 Qb6 7.Nb3 a6 8.Be2 e6
9.Qd2 Be7 10.f3 Qc7 11.a4 b6 12.Be3 Bb7 13.O-O O-O 14.Nd4 Ne5 15.Qe1 Nc4
16.Bxc4 Qxc4 17.Qg3 Kh8 18.Nd1 Rac8 19.c3 Qc7 20.Bf2 Nd7 21.Ne3 Ne5 22.Rfd1 Nc4
23.Nxc4 Qxc4 24.Rd2 Rfd8 25.Nc2 Qc7 26.Bd4 e5 27.Be3 d5 28.exd5 Rxd5 29.Rxd5 Bxd5
30.Qf2 Bc5 31.Bxc5 bxc5 32.Ne3 Be6 33.b4 cxb4 34.cxb4 Qc3 35.Rb1 Rb8 36.b5 axb5
37.Rxb5 Ra8  0-1

[Event "ch-Euro Youth g16"]
[Site "Albena BUL"]
[Date "2011.09.15"]
[Round "5.25"]
[White "Oliveira,Maria"]
[Black "Cazacu,G"]
[Result "1-0"]
[WhiteElo "1873"]
[BlackElo "1721"]

1.e4 c5 2.Nf3 d6 3.d4 cxd4 4.Nxd4 Nf6 5.Nc3 Nc6 6.Bg5 Bd7 7.Qd2 h6 8.Be3 Ng4
9.Nxc6 bxc6 10.Bf4 g5 11.Bg3 Bg7 12.Bc4 Rb8 13.Bb3 Qb6 14.h4 Qd4 15.O-O-O Qxd2+
16.Rxd2 Rb4 17.a3 Rd4 18.f3 Rxd2 19.Kxd2 Ne5 20.Bf2 a6 21.Be3 g4 22.f4 Ng6
23.Bc4 Bc8 24.h5 Nf8 25.Nd1 Nd7 26.c3 Nf6 27.Bd3 Kd7 28.g3 Kc7 29.Nf2 d5
30.e5 Ne8 31.Bc5 f6 32.e6 Bxe6 33.Bxa6 Kd7 34.Be2 f5 35.a4 Nd6 36.b4 Ra8
37.a5 Bf7 38.Bd3 Ne4+ 39.Nxe4 dxe4 40.Be2 e5 41.fxe5 Bxe5 42.Rf1 Be6 43.Bf2 Bf7
44.Be1 Be6 45.Ke3 Ke7 46.c4 Kf6 47.Bxg4 Kg5 48.Be2 Bd7 49.b5 c5 50.Kf2 Bd4+
51.Kg2 Bc8 52.a6 Be6 53.Ba5 Bd7 54.Bc7 Be3 55.b6  1-0

[Event "2nd Livigno Open A"]
[Site "Livigno ITA"]
[Date "2011.09.16"]
[Round "7.22"]
[White "Xia,J"]
[Black "Schwartz,Y"]
[Result "1-0"]
[WhiteElo "2249"]
[BlackElo "2252"]

1.e4 c5 2.Nf3 Nc6 3.d4 cxd4 4.Nxd4 Nf6 5.Nc3 d6 6.Bg5 g6 7.Bxf6 exf6 8.Bc4 Bg7
9.Ndb5 O-O 10.Qxd6 Qa5 11.O-O a6 12.Nc7 Rd8 13.Qf4 Ra7 14.N7d5 b5 15.Nxf6+ Kh8
16.Bb3 Nd4 17.Qh4 h6 18.Ncd5 Be6 19.c3 Bxd5 20.Nxd5  1-0

[Event "10th Istanbul Open A"]
[Site "Istanbul TUR"]
[Date "2011.09.17"]
[Round "8"]
[White "Erdogdu,M"]
[Black "Shanava,K"]
[Result "0-1"]
[WhiteElo "2431"]
[BlackElo "2562"]

1.e4 c5 2.Nf3 d6 3.d4 cxd4 4.Nxd4 Nf6 5.Nc3 Nc6 6.Bg5 Bd7 7.Bc4 e6 8.O-O a6
9.Bb3 Be7 10.Qd3 h6 11.Nxc6 Bxc6 12.Bf4 Qa5 13.Rad1 O-O 14.Bd2 Qh5 15.f4 d5
16.exd5 exd5 17.Be3 d4 18.Bxd4 Rad8 19.Qe2 Rxd4 20.Qxe7 Rxd1 21.Rxd1 Qg4
22.Qe2 Qxf4 23.Qd2 Qe5 24.Qd4 Qf5 25.h3 Re8 26.Qf2 Qg5 27.Kh2 Re3 28.Rd8+ Kh7
29.Rd1 Qe5+ 30.Kg1 Qg5 31.Rd3 Re1+ 32.Kh2 Nh5 33.Bd5 Qe5+ 34.g3 Bb5 35.Qxf7 Nf6
36.Rd2 Re3 37.Rg2 Rxc3 38.bxc3 Nxd5 39.Rf2 Nf6 40.Qxb7 Ne4 41.Rf4 Nxc3 42.a3 Nd5
43.Rf2 Qd4 44.Qf7 Nf6 45.Rf4 Qd2+ 46.Kg1 Bc6 47.Kf1 Bg2+ 48.Kg1 Bd5  0-1